MANUAL OF PSYCHIATRIC NURSING CARE PLANNING (Record no. 6869)

MARC details
000 -LEADER
fixed length control field 00315nam a2200133Ia 4500
082 ## - DEWEY DECIMAL CLASSIFICATION NUMBER
Classification number 610.7368
Item number M15V
100 ## - MAIN ENTRY--PERSONAL NAME
Personal name VARCAROLIS, ELIZABETH M.
245 ## - TITLE STATEMENT
Title MANUAL OF PSYCHIATRIC NURSING CARE PLANNING
250 ## - EDITION STATEMENT
Edition statement 5TH
260 ## - PUBLICATION, DISTRIBUTION, ETC. (IMPRINT)
Name of publisher, distributor, etc ELSEVER
Year of Publication 2015
300 ## - PAGE DESCRIPTION
No. of Pages 757
650 ## - SUBJECT ADDED ENTRY--TOPICAL TERM
Topical term or geographic name as entry element PSYCHIATRIC NURSING
942 ## - ADDED ENTRY ELEMENTS (KOHA)
Source of classification or shelving scheme Dewey Decimal Classification
Koha item type Books
Holdings
Withdrawn status Lost status Source of classification or shelving scheme Damaged status Not for loan Collection code Home library Current library Shelving location Date acquired Vendor Name Cost, normal purchase price SGTU Bill Number Full call number Accession No. (Barcode) Date last seen Bill Date Koha item type
Withdrawn Missing Dewey Decimal Classification     NURSING SGT Medical Library SGT Medical Library Text Book 02/07/2015 ABC DELHI 0.00 SGTU 5533 610.7368 M15V FN2935 02/07/2015 25/03/2015 Books